000 00720nam a2200217 i 4500
001 31409
003 ES-MaACL
005 20230906154355.0
007 t|
008 030129s1985 sp ||||1| spa d
020 _a84-291-5505-8
100 1 _aBauer, John D.
_926553
245 1 0 _aAnálisis clínicos
_b: métodos e interpretación /
_cJohn D. Bauer ; traducido por Ana Calderón Ruiz... [et al.] ; revisado por Rogelio Areal Guerra.
260 _aBarcelona, etc. :
_bReverté,
_c[1985]
300 _aXII, 1302 p. :
_bil. ;
_c26 cm.
500 _aIndice.
504 _aBibliografía.
700 1 _aCalderón Ruiz, Ana.
_933630
700 1 _aAreal Guerra, Rogelio.
_922560
852 _aES-MaACL
_jG-7030
_bR.114792
999 _c31409
_d31409